[Event "ESP-ch U16"]
[Site "Salobrena"]
[Date "2012.07.16"]
[Round "1"]
[White "Kalynovsky, Martin"]
[Black "Jimenez Almeida, Luis David"]
[Result "1/2-1/2"]
[WhiteElo "1732"]
[BlackElo "2097"]
[PlyCount "108"]
[EventDate "2012.07.16"]
[EventType "swiss"]
[EventRounds "9"]
[EventCountry "ESP"]
[SourceTitle "EXT 2014"]
[Source "ChessBase"]
[SourceDate "2013.11.20"]
[SourceVersion "1"]
[SourceVersionDate "2013.11.20"]
[SourceQuality "1"]

1. e4 e6 2. d4 d5 3. exd5 exd5 4. Bd3 Bd6 5. h3 Nc6 6. c3 Be6 7. Ne2 Qd7 8. Bf4 0-0-0 9. Nd2 f6 10. Bxd6 Qxd6 11. Qc2 Nce7 12. Nb3 h5 13. Nc5 Nh6 14. Qb3 Qc6 15. Bb5 Qb6 16. a4 a6 17. a5 Qxb5 18. Qxb5 axb5 19. Nxe6 Rdg8 20. Kd2 g5 21. g3 Nef5 22. Nc5 Re8 23. a6 bxa6 24. Rxa6 Kd8 25. Rxf6 Nd6 26. b3 Ke7 27. Re6+ Kf7 28. Rxe8 Rxe8 29. Nc1 Ne4+ 30. Nxe4 dxe4 31. Na2 Nf5 32. Rf1 Kg6 33. g4 hxg4 34. hxg4 Nh6 35. Rg1 Rf8 36. Ke2 Ra8 37. Nb4 Ra3 38. Rb1 Nxg4 39. Rb2 Ra1 40. Nd5 Rh1 41. Rd2 Rh2 42. Ke1 Kf5 43. Nxc7 Kf4 44. Ne6+ Kf5 45. d5 Ne5 46. Nd4+ Kf6 47. Re2 Nd3+ 48. Kd2 Nc5 49. b4 Nd7 50. Nxb5 Nb6 51. d6 Rh4 52. Ke3 Ke5 53. Kd2 Nc4+ 54. Ke1 Rh8 1/2-1/2

[Event "Madrid-ch prel-B"]
[Site "Madrid"]
[Date "2012.02.25"]
[Round "9.9"]
[White "Kalynovsky, Martin"]
[Black "Sebastian Enesco, Alex"]
[Result "0-1"]
[WhiteElo "1726"]
[BlackElo "1783"]
[PlyCount "78"]
[EventDate "2012.02.02"]
[EventType "swiss"]
[EventRounds "9"]
[EventCountry "ESP"]
[SourceTitle "EXT 2024"]
[Source "ChessBase"]
[SourceDate "2023.10.10"]
[SourceVersion "1"]
[SourceVersionDate "2023.10.10"]
[SourceQuality "1"]

1. g3 d5 2. d3 e5 3. Bg2 c6 4. Nd2 Nf6 5. e4 Be6 6. Ngf3 Bc5 7. Nxe5 dxe4 8. Nxe4 Nxe4 9. dxe4 Qxd1+ 10. Kxd1 Bxf2 11. Nd3 Bg4+ 12. Kd2 Bb6 13. c3 Na6 14. Kc2 0-0-0 15. Bf4 f6 16. Rae1 Rhe8 17. Be3 Rd7 18. Bxb6 axb6 19. h3 Red8 20. Bf1 Bf3 21. Rh2 Re7 22. Bg2 Bh5 23. Bh1 Red7 24. Nc1 Nc5 25. g4 Bf7 26. b3 Bg6 27. Rhe2 Kc7 28. b4 Ne6 29. Nb3 Nf4 30. Re3 Ra8 31. Kb1 Bf7 32. Rf1 g5 33. e5 Bxb3 34. axb3 Rd2 35. exf6 b5 36. f7 Rda2 37. c4 Ra1+ 38. Kc2 Rxf1 39. Re8 Ra2+ 0-1

[Event "Madrid-ch prel-B"]
[Site "Madrid"]
[Date "2012.02.10"]
[Round "4.7"]
[White "Rios Rebollo, Victor"]
[Black "Kalynovsky, Martin"]
[Result "1/2-1/2"]
[WhiteElo "1844"]
[BlackElo "1726"]
[PlyCount "56"]
[EventDate "2012.02.02"]
[EventType "swiss"]
[EventRounds "9"]
[EventCountry "ESP"]
[SourceTitle "EXT 2024"]
[Source "ChessBase"]
[SourceDate "2023.10.10"]
[SourceVersion "1"]
[SourceVersionDate "2023.10.10"]
[SourceQuality "1"]

1. d4 Nf6 2. c4 c5 3. Nf3 cxd4 4. Nxd4 g6 5. Nc3 Bg7 6. e4 d6 7. Be2 Bd7 8. Be3 Nc6 9. 0-0 0-0 10. Rc1 Rc8 11. b3 a6 12. f3 Qc7 13. Nd5 Qd8 14. Qd2 Re8 15. Rfd1 Nxd5 16. cxd5 Nxd4 17. Bxd4 Bxd4+ 18. Qxd4 Qa5 19. a4 Rxc1 20. Rxc1 Rc8 21. Rxc8+ Bxc8 22. Kf2 Qc5 23. Ke3 Qxd4+ 24. Kxd4 Kg7 25. f4 h5 26. h4 Kh6 27. g3 f6 28. b4 b6 1/2-1/2

[Event "ESP-ch U14"]
[Site "Padron"]
[Date "2011.07.17"]
[Round "9"]
[White "Martin Garcia, Guillermo Li"]
[Black "Kalynovsky, Martin"]
[Result "1-0"]
[WhiteElo "1955"]
[BlackElo "1712"]
[PlyCount "121"]
[EventDate "2011.07.12"]
[EventType "swiss"]
[EventRounds "9"]
[EventCountry "ESP"]
[SourceTitle "CBM 143 Extra"]
[Source "ChessBase"]
[SourceDate "2011.08.29"]
[SourceVersion "1"]
[SourceVersionDate "2011.08.29"]
[SourceQuality "1"]

1. e4 c5 2. c3 Nf6 3. e5 Nd5 4. d4 cxd4 5. cxd4 Nc6 6. Nf3 d6 7. Bc4 Nb6 8. Bb3 dxe5 9. d5 Na5 10. Nc3 Nxb3 11. Qxb3 g6 12. Nxe5 Bg7 13. Bf4 0-0 14. 0-0 Bf5 15. Rfd1 g5 16. Bg3 h5 17. h3 h4 18. Bh2 Rc8 19. f4 gxf4 20. Bxf4 Qd6 21. Re1 Bxe5 22. Bxe5 Qg6 23. Kh1 Kh7 24. Qd1 Rg8 25. Qf3 Nc4 26. Qf2 Qh5 27. Bd4 e6 28. Ne4 Kh6 29. Nf6 Qg5 30. Nxg8+ Rxg8 31. Be3 Nxe3 32. Qxe3 Qxe3 33. Rxe3 exd5 34. Re7 Be4 35. Rg1 Rg3 36. Kh2 f5 37. Rxb7 d4 38. Rxa7 d3 39. b4 Bc6 40. Ra6 Rg6 41. b5 Bxb5 42. Rxg6+ Kxg6 43. g3 hxg3+ 44. Kxg3 Bc4 45. a3 Kf6 46. Kf4 Bb3 47. Rg2 Ba4 48. h4 Bc6 49. Rd2 Bb5 50. h5 Bc4 51. a4 Ba6 52. a5 Bc4 53. Rh2 Kg7 54. Kxf5 Kh6 55. Ke4 Ba6 56. Rd2 Kxh5 57. Rxd3 Kg5 58. Rd5+ Kg4 59. Kd4 Kf4 60. Rd6 Bb7 61. a6 1-0

[Event "ESP-ch U14"]
[Site "Padron"]
[Date "2011.07.13"]
[Round "3"]
[White "Cervello Tost, Ferran"]
[Black "Kalynovsky, Martin"]
[Result "1-0"]
[WhiteElo "1880"]
[BlackElo "1712"]
[PlyCount "141"]
[EventDate "2011.07.12"]
[EventType "swiss"]
[EventRounds "9"]
[EventCountry "ESP"]
[SourceTitle "CBM 143 Extra"]
[Source "ChessBase"]
[SourceDate "2011.08.29"]
[SourceVersion "1"]
[SourceVersionDate "2011.08.29"]
[SourceQuality "1"]

1. e4 c5 2. Nf3 d6 3. d4 Nf6 4. Nc3 cxd4 5. Nxd4 g6 6. f4 Bg7 7. Be2 0-0 8. Be3 Nc6 9. Nxc6 bxc6 10. 0-0 d5 11. e5 Nd7 12. Qd2 e6 13. Na4 Qe7 14. Qc3 Bb7 15. Nc5 Nb6 16. a4 Qc7 17. a5 Nd7 18. Nxd7 Qxd7 19. a6 Bc8 20. Bd4 Qc7 21. Ra3 Bd7 22. Rf3 Rfc8 23. Bc5 Bf8 24. Rb3 Rab8 25. Bxf8 Rxf8 26. Qc5 Rb6 27. Rxb6 Qxb6 28. Qxb6 axb6 29. c4 Ra8 30. Ra3 dxc4 31. Bxc4 Ra7 32. b4 b5 33. Be2 Kf8 34. Kf2 Ke7 35. Bf3 Kd8 36. Ke3 Kc7 37. Kd4 Kb6 38. g4 Bc8 39. Ke3 Rxa6 40. Rxa6+ Bxa6 41. Kd4 Bb7 42. Be4 Bc8 43. Bc2 Bd7 44. Bb1 Bc8 45. Ba2 Bd7 46. f5 Bc8 47. f6 Bd7 48. h4 Be8 49. h5 gxh5 50. gxh5 h6 51. Bb1 Bd7 52. Bh7 Be8 53. Bg8 Kb7 54. Kc5 Kc7 55. Bh7 Bd7 56. Bd3 Be8 57. Be4 Bd7 58. Bh7 Be8 59. Bg8 Kc8 60. Kd6 Kd8 61. Bh7 c5 62. Kxc5 Kc7 63. Bd3 Bc6 64. Be2 Be4 65. Kxb5 Bc6+ 66. Kc5 Bd5 67. b5 Be4 68. b6+ Kd7 69. Bb5+ Kd8 70. Bc6 Bd3 71. Be8 1-0

[Event "Madrid-ch Previa-A"]
[Site "Madrid"]
[Date "2010.11.22"]
[Round "6"]
[White "Martinez Miura, Enrique"]
[Black "Kalynovsky, Martin"]
[Result "0-1"]
[WhiteElo "1733"]
[BlackElo "1694"]
[PlyCount "92"]
[EventDate "2010.11.10"]
[EventType "swiss"]
[EventRounds "9"]
[EventCountry "ESP"]
[SourceTitle "EXT 2012"]
[Source "ChessBase"]
[SourceDate "2011.11.24"]
[SourceVersion "1"]
[SourceVersionDate "2011.11.24"]
[SourceQuality "1"]

1. e4 c5 2. c4 Nc6 3. Nc3 d6 4. g3 g6 5. Bg2 Bg7 6. Nge2 e6 7. 0-0 Nge7 8. d3 0-0 9. Be3 h6 10. Qd2 Kh7 11. d4 b6 12. Rad1 Bb7 13. f4 f5 14. dxc5 dxc5 15. Qc1 Nd4 16. e5 Nxe2+ 17. Nxe2 Qc8 18. Rd6 Bxg2 19. Kxg2 Rd8 20. Rxd8 Qxd8 21. Rd1 Qc7 22. Rd6 Rd8 23. Qd2 Rxd6 24. exd6 Qb7+ 25. Kg1 Nc6 26. d7 Qc7 27. Nc3 Nd4 28. Bxd4 Bxd4+ 29. Kg2 Qxd7 30. Ne2 Qc6+ 31. Kh3 e5 32. fxe5 Bxe5 33. Nf4 g5 34. Nd5 Qe6 35. Kg2 Bd4 36. b3 Qe4+ 37. Kh3 g4+ 38. Kh4 Qe6 39. Qf4 Kg6 40. Qxg4+ fxg4 41. Nf4+ Kf6 42. Nxe6 Kxe6 43. Kxg4 Bg7 44. Kf4 a6 45. a4 Bc3 46. g4 Be5+ 0-1

[Event "San Sebastian Constitucion op 11th"]
[Site "San Sebastian"]
[Date "2009.12.03"]
[Round "4"]
[White "De la Orden Alcocer, Alejandro"]
[Black "Kalynovsky, Martin"]
[Result "0-1"]
[WhiteElo "1780"]
[BlackElo "1601"]
[PlyCount "58"]
[EventDate "2009.11.30"]
[EventType "swiss"]
[EventRounds "9"]
[EventCountry "ESP"]
[SourceTitle "CBM 133 Extra"]
[Source "ChessBase"]
[SourceDate "2010.01.05"]
[SourceVersion "1"]
[SourceVersionDate "2010.01.05"]
[SourceQuality "1"]

1. c4 Nf6 2. Nc3 c5 3. g3 Nc6 4. Bg2 g6 5. a3 Bg7 6. Rb1 a5 7. d3 Rb8 8. Nf3 0-0 9. 0-0 d6 10. Bd2 b6 11. Qc1 Bb7 12. Bh6 Nd4 13. e4 Bc6 14. Nxd4 cxd4 15. Nd5 Bxd5 16. exd5 Qc7 17. b4 Rfc8 18. Bh3 Rd8 19. Bxg7 Kxg7 20. Qf4 axb4 21. axb4 b5 22. Qxd4 Rb7 23. Rfe1 bxc4 24. dxc4 Rdb8 25. Qc3 Kf8 26. Re2 Kg8 27. Bg2 Ng4 28. f4 Qb6+ 29. Kf1 Nxh2+ 0-1